000 01122nam a2200301 a 4500
999 _c2845
_d2845
006 m |o d |
007 cr |||||||||||
008 231129s2021 enk ob 001 0 eng d
020 _a9780429343681
_q(ebook)
040 _aKO
_beng
082 0 0 _a387.50681
_223
245 0 4 _aFreight derivatives and risk management in shipping /
_cby Manolis G. Kavussanos, Dimitris A. Tsouknidis and Ilias D. Visvikis
260 _aLondon ;
_bRoutledge ,
_c2021
300 _a1 online resource
504 _aIncludes bibliographical references and index.
650 0 _aDerivative securities
650 0 _aRisk assessment
650 0 _aRisk management
650 0 _aShipping
_xFinance
700 _aKavussanos, Manolis G.
_eaut
700 _aTsouknidis, Dimitris A.
_eaut
700 _aVisvikis, Ilias D.
_eaut
856 4 0 _uhttps://www.taylorfrancis.com/books/edit/10.4324/9780429343681/freight-derivatives-risk-management-shipping-manolis-kavussanos-ilias-visvikis-dimitris-tsouknidis?context=ubx&refId=69f43143-b167-4ac6-860f-58610fa9c749
904 _aA_BOSE
905 _aR_RANJAN
942 _cEB